Zachovanie a rast majetkovej podstaty ako relevantný nástroj trvalo udržateľného rozvoja podniku zborník vedeckých statí

Saved in:
Bibliographic Details
Corporate Author: Fakulta hospodárskej informatiky EU. Katedra účtovníctva a audítorstva
Other Authors: Pakšiová, Renáta, 1974-, Bočková, Nina, Tumpach, Miloš, 1970-
Format: Book
Language:Slovak
Published: Bratislava Vydavateľstvo EKONÓM 2018
Edition:1. vydanie
Subjects:
Tags: Add Tag
No Tags, Be the first to tag this record!

MARC

LEADER 00000nlm a2200000 4500
001 0240583
005 20240827081420.9
020 |a 978-80-225-4477-1 
041 0 |a slo 
044 |a SK 
245 1 0 |a Zachovanie a rast majetkovej podstaty ako relevantný nástroj trvalo udržateľného rozvoja podniku  |b zborník vedeckých statí  |c zostavovateľ: Renáta Pakšiová ; recenzenti: Nina Bočková, Miloš Tumpach 
250 |a 1. vydanie 
264 1 |a Bratislava  |b Vydavateľstvo EKONÓM  |c 2018 
300 |a CD-ROM [97 s., 7,83 AH] 
610 2 0 |a majetok podnikový 
610 2 0 |a rozvoj trvalo udržateľný 
610 2 0 |a zdaňovanie 
610 2 0 |a zisk 
610 2 0 |a závierka účtovná konsolidovaná 
610 2 0 |a správa podniku 
610 2 0 |a imanie vlastné 
610 2 0 |a financovanie 
610 2 0 |a spoločnosti akciové 
610 2 0 |a pohľadávky 
610 2 0 |a záväzky podniku 
700 1 |a Pakšiová, Renáta, 1974- 
700 1 |a Bočková, Nina 
700 1 |a Tumpach, Miloš, 1970- 
710 2 |a Fakulta hospodárskej informatiky EU. Katedra účtovníctva a audítorstva